000 01325cam a22003615a 4500
001 13915340
005 20150813113022.0
008 050330s2006 njuad f 001 0ceng d
010 _a 2005047031
020 _a0471742856
020 _a9780471742852
035 _a(OCoLC)ocm58832353
040 _aDLC
_cDLC
_dC#P
_dEG-ScBUE
_dBAKER
_dDLC
050 0 0 _aTJ230
_b.J88 2006
082 0 4 _a621.815
_222
_bJUV
100 1 _aJuvinall, Robert C.
_927517
245 1 0 _aFundamentals of Machine Component Design /
_cRobert C. Juvinall, Kurt M. Marshek.
250 _a4th ed.
260 _aHoboken:
_bJohn Wiley & Sons, 2006
_cc2006.
300 _a769 p. :
_bill,col. ;
_c27 cm.
500 _aIncludes index
504 _aIncludes bibliographical references.
650 0 _aMachine design.
_927518
_2BUEsh
651 _2BUEsh
653 _bENGMEC
_cAugust2015
655 _vtext book
_933728
700 1 _aMarshek, Kurt M.
_927519
856 4 2 _3Publisher description
_uhttp://www.loc.gov/catdir/enhancements/fy0624/2005047031-d.html
856 4 1 _3Table of contents only
_uhttp://www.loc.gov/catdir/enhancements/fy0624/2005047031-t.html
942 _2ddc
_cBB
999 _c16139
_d16139